| 000 | 00523nam a2200181Ia 4500 | ||
|---|---|---|---|
| 008 | 220216s9999 xx 000 0 und d | ||
| 100 | _aAbu-Abdeen M | ||
| 245 | 0 | _aSwelling and electrical properties of rubber vulcanizates loaded with paraffin wax | |
| 260 |
_bJournal of Applied Polymer Science _c2001 |
||
| 300 | _a3169-3177 | ||
| 500 | _aSource Year: 2001 | ||
| 650 | _aParaffin wax | ||
| 650 | _aRubber vulcanizates | ||
| 650 | _aSwelling | ||
| 700 | _aAbdel Ghani S A | ||
| 856 | _uRAPRA.38(12) | ||
| 942 | _cJS | ||
| 999 |
_c70095 _d70095 |
||